Winningest College Football Teams Since 2000 - Statistics

General Stats
  • This quiz has been taken 304 times
    270 since last reset
  • The average score is 20 of 25
Answer Stats
Rank # Wins Conference Team % Correct
2 272 SEC Alabama
99%
1 285 Big 10 Ohio State
98%
9 236 SEC Texas
98%
3 271 SEC Georgia
96%
13 225 Big 10 Michigan
96%
16 218 SEC Florida
94%
3 271 SEC Oklahoma
91%
6 253 ACC Clemson
90%
15 219 ACC Florida State
89%
12 226 Independent Notre Dame
89%
7 250 Big 10 Oregon
88%
8 249 SEC LSU
86%
18 216 Big 10 Penn State
85%
10 232 Big 10 USC
84%
24 208 SEC Auburn
80%
5 270 Mountain West Boise State
80%
17 217 ACC Miami (FL)
80%
14 224 Big 10 Wisconsin
77%
22 212 Big 10 Iowa
72%
21 213 ACC Virginia Tech
62%
20 215 Big 12 BYU
60%
18 216 Big 12 Utah
60%
11 229 Big 12 TCU
55%
23 210 ACC Louisville
47%
25 205 MAC Toledo
35%
No matching quizzes found
Score Distribution
Percent of People with Each Score
Percentile by Number Answered
Your Score History
You have not taken this quiz since the last reset